Field mission reports on muslim countries (Record no. 925133)

MARC details
000 -LEADER
fixed length control field 00776nam a2200253Ia 4500
003 - CONTROL NUMBER IDENTIFIER
control field OSt
005 - DATE AND TIME OF LATEST TRANSACTION
control field 20221002054549.0
008 - FIXED-LENGTH DATA ELEMENTS--GENERAL INFORMATION
fixed length control field 220930b |||||||| |||| 00| 0 eng d
037 ## - SOURCE OF ACQUISITION
Terms of availability Reference Collections
040 ## - CATALOGING SOURCE
Original cataloging agency CRL
Transcribing agency CRL
Language of cataloging eng
041 ## - LANGUAGE CODE
Source of code eng
Language code of text/sound track or separate title eng
100 ## - MAIN ENTRY--PERSONAL NAME
Personal name Mumtaz Ali Anwar Tr.
9 (RLIN) 575995
111 ## - MAIN ENTRY--MEETING NAME
Meeting name or jurisdiction name as entry element UNESCO
9 (RLIN) 567907
245 #0 - TITLE STATEMENT
Title Field mission reports on muslim countries
Remainder of title An annotated bibliography from 1947 to 1991
260 ## - PUBLICATION, DISTRIBUTION, ETC.
Place of publication, distribution, etc. New Delhi
Name of publisher, distributor, etc. Vikas
Date of publication, distribution, etc. 1995
300 ## - PHYSICAL DESCRIPTION
Extent 263p.
Dimensions cm.
650 ## - SUBJECT ADDED ENTRY--TOPICAL TERM
Topical term or geographic name entry element HISTORY
942 ## - ADDED ENTRY ELEMENTS (KOHA)
Classification part V1(Q7)raN91<-N47, N5(RR)
Koha item type
Source of classification or shelving scheme Colon Classification (CC)

No items available.

Copyright @ Delhi University Library System